Country Flags starting with C - Statistics

General Stats
  • This quiz has been taken 19 times
  • The average score is 14 of 16
Answer Stats
Picture Answer % Correct
Canada
100%
China
100%
Cambodia
94%
Cameroon
94%
Chad
94%
Chile
94%
Colombia
94%
Croatia
94%
Cuba
94%
Cyprus
94%
Czech Republic
94%
Costa Rica
88%
Central African Republic
81%
Comoros
81%
Cape Verde
75%
Congo
75%
No matching quizzes found
Score Distribution
Percent of People with Each Score
Percentile by Number Answered
Your Score History
You have not taken this quiz